Les plus grandes villes de France avant la guerre de Cent Ans - Statistiques

Statistiques générales
  • Ce quiz a été pris 462 fois
    432 depuis la dernière actualisation
  • Le résultat moyen est 37 sur 71
Réponses sur la Carte
Les réponses sont colorées sur une échelle allant du rouge au vert en fonction du pourcentage des utilisateurs qui les ont devinées à leur premier essai. Vous pouvez retrouver ces pourcentages ci-dessous.
 
Statistiques - réponses
Population Ville % Correct
200 000 Paris
98%
30 000 Bordeaux
95%
8 000 Nantes
92%
30 000 Lille
91%
20 000 Lyon
91%
33 000 Toulouse
90%
8 000 Rennes
89%
40 000 Montpellier
86%
40 000 Rouen
86%
9 000 Caen
85%
22 000 Orléans
84%
20 000 Reims
81%
25 000 Tours
81%
12 000 Calais
80%
17 000 Dijon
78%
21 000 Amiens
75%
10 000 Angers
74%
15 000 Poitiers
74%
5,000 Bayonne
72%
8 000 Clermont-Ferrand
71%
10 000 Carcassonne
70%
10 000 Nîmes
68%
5 000 Le Mans
67%
30 000 Narbonne
66%
24 000 Troyes
63%
9 000 Chartres
62%
5 000 Valence
60%
15 000 Béziers
58%
5 000 Blois
58%
16 000 Bourges
57%
30 000 Arras
56%
10 000 Auxerre
55%
45 000 Bruges
55%
11 000 Albi
54%
6 000 Agen
52%
5 000 Angoulême
51%
16 000 Beauvais
51%
8 000 Montauban
51%
5 000 Niort
51%
5 000 Évreux
49%
5 000 Nevers
46%
10 000 Châlons-en-Champagne
45%
8 000 Périgueux
43%
5 000 Cahors
41%
60 000 Gand
40%
6 000 Laon
39%
6 000 Castres
38%
5 000 Rodez
38%
6 000 Saint-Quentin
38%
6 000 Le Puy-en-Velay
37%
5 000 Saumur
36%
5 000 Abbeville
35%
10 000 Douai
35%
5 000 Sens
35%
5 000 Dreux
34%
5 000 Guingamp
33%
35 000 Tournai
30%
35 000 Saint-Omer
29%
5 000 Guérande
26%
5 000 Riom
26%
10 000 Provins
24%
7 000 Autun
23%
5 000 Chinon
23%
5 000 Courtrai
20%
5 000 Saint-Flour
18%
30 000 Ypres
17%
6 000 Châteaudun
16%
6 000 Montbrison
16%
10 000 Montreuil-sur-Mer
16%
5 000 Bagnères-de-Bigorre
13%
5 000 Nieuport
2%
Aucun quiz correspondant
Distribution des résultats
% des personnes avec chaque résultat
Percentile par nombre de réponses
Votre historique - résultats
Vous n’avez pas pris ce quiz depuis la dernière actualisation